Regional'nyje geoinformacionnyje sistemy

Gespeichert in:
Bibliographische Detailangaben
1. Verfasser: Koškarev, Aleksandr Vladimirovič
Weitere Verfasser: Karakin, Vladimir Pavlovič
Format: Buch
Sprache:Russisch
Veröffentlicht: Moskva Nauka 1987
Ausgabe:1. izd.
Tags: Tag hinzufügen
Keine Tags, Fügen Sie das erste Tag hinzu!

MARC

LEADER 00000nam a2200000 4500
001 c036670
005 20230223110314.0
041 0 |a rus 
044 |a RU 
245 1 0 |a Regional'nyje geoinformacionnyje sistemy  |c Aleksandr Vladimirovič Koškarev, Vladimir Pavlovič Karakin 
250 |a 1. izd. 
264 1 |a Moskva  |b Nauka  |c 1987 
300 |a 126 s. 
100 1 |a Koškarev, Aleksandr Vladimirovič 
700 1 |a Karakin, Vladimir Pavlovič